Mastering modern world history

Salvato in:
Dettagli Bibliografici
Autore principale: LOWE, Norman
Natura: Libro
Lingua:inglese
Pubblicazione: Palgrave Macmillan 2013.
Tags: Aggiungi Tag
Nessun Tag, puoi essere il primo ad aggiungerne!!

MARC

LEADER 00000nam a22000007a 4500
008 210806b ||||| |||| 00| 0 eng d
020 |a ISBN: 978-1-137-27694-0 
100 |a LOWE, Norman 
245 |a Mastering modern world history  |c  Norman Lowe  |g , xx;698p.; ill. 2013.  
250 |b 5th ed  |c . Houndmills, Basingstoke, Hampshire 
260 |b  Palgrave Macmillan  |c 2013.   |d (Palgrave master series)  |h  New York,   |i 690847,  |i 690848 – Arts  |l D421 .L95  |m 1. History, Modern – 20th century  |m 2. History, Modern – 21st century  |m I. Title. 
500 |a “It includes index and references” 
942 |a lcc  |c BK  |e j.o. ifatola  |f 06/08/ 2021 
952 |0 0  |1 0  |2 lcc  |4 0  |6 D0421 L95  |7 0  |9 2958  |a HOL  |b ART  |c AF  |d 2021-08-06  |l 0  |o D421 .L95  |p 2021-66634  |r 2021-08-06 00:00:00  |w 2021-08-06  |y BK 
952 |0 0  |1 0  |2 lcc  |4 0  |6 D0421 L95  |7 0  |9 2959  |a HOL  |b HOL  |c AF  |d 2021-08-06  |l 0  |o D421 .L95  |p 2021-66635  |r 2021-08-06 00:00:00  |w 2021-08-06  |y BK 
999 |c 1498  |d 1498